000 00586nam a22001817a 4500
005 20150911110102.0
010 _aENG-113917
020 _c200.00
_a9789350450574
035 _aEN-97449
037 _bDBAD/PUB
_adpl
082 _a881
100 _aDas, Nabina
245 _aInto the migrant city /
_cby Nabina Das
260 _aCalcutta
_bWriters Workshop
_c2014
270 _a162/92, Lake Gardens,
_bCalcutta
_e700045
300 _a102p.
_c22cm(Hb)
942 _2ddc
_cEN
_mDAS
_h881
999 _c96518
_d96518